000 00902cab a2200241 4500
001 WB3212-21
008 090401t1996 xxu||||| |||| 00| 0 eng d
035 _a(Sirsi) u56624
041 _aeng
245 _aAccess to property
260 _c1996
350 _a0
490 _aEstates Gazette Case Summaries
_v[1996] EGCS 47(1) (16/3/96)
520 _a"Gooden v Ketley and another" CA 29 February 1996. Respondents claimed the appellant trespassed on their land while building flats and wrongfully interfered with access to their property. County court ordered reconstruction and awarded damages. Appellant`s appeal allowed in part; substitution of damages award.
650 _aACCESS TO PROPERTY
650 _aINTERFERENCE
650 _aNEIGHBOUR
650 _aREINSTATEMENT
650 _aTRESSPASS
690 _aHIGHWAYS AND RIGHTS OF WAY-CASE LAW
942 _n0
948 _c04/03/1997
999 _c34548
_d34548